000 00668nam a2200229 i 4500
001 C2-0328980
003 PPAK
005 20180728130140.0
008 141119s my |||| ||||| | may d
040 _aPPAK
_beng
_cPPAK
_erda
082 0 4 _a027.4595112
_223
090 0 0 _a027.4595112
_bKON
_dKK
245 0 0 _aKonsep perpustakaan desa
264 1 _aAlor Setar, Kedah :
_bPerbadanan Perpustakaan Awam Kedah ,
_c[date of publication not identified]
300 _a6 pages ;
_c30 cm.
336 _2rdacontent
_atext
337 _2rdamedia
_aunmediated
338 _2rdacarrier
_avolume
500 _aArtikel
650 1 0 _aPublic libraries - Kedah.
942 _ddc
_cB
999 _c128245
_d128245